000 00649nam a22002177a 4500
003 UA-OsUOA
001 123479
007 ta
008 20170619b un ||||| |||| 00| 0 ukr d
100 _aЛюкс Л.
090 _a94(477)
_bЛ94
942 _cSA
040 _aUA-OsUOA
_bukr
_cUA-OsUOA
_dUA-OsUOA
245 _aЧому більшовики прийшли до влади? До століття жовтневого перевороту
300 _aС.2-14
955 _a0
041 _aukr
080 _a94(477)
773 0 _w123478
_tКритика
_dК.
_d2017
_g4
650 7 _a9 Географія. Біографії. Історія
_2UDC
999 _c410597
_d410597